Historia de la filosofía griega (Record no. 856076)

000 -CABECERA
Campo de control de longitud fija 00829nam a2200241 4500
001 - NÚMERO DE CONTROL
Campo de control VA79405
003 - IDENTIFICADOR DEL NÚMERO DE CONTROL
Campo de control ES-SlBCS
005 - FECHA Y HORA DE LA ÚLTIMA TRANSACCIÓN
Campo de control 20210327231233.0
008 - CÓDIGOS DE INFORMACIÓN DE LONGITUD FIJA
Campo de control de longitud fija 160224s2005 sp ||||| |||| 00| 0 spa d
017 ## - NÚMERO DE COPYRIGHT O DE DEPÓSITO LEGAL
Número de copyright o de depósito legal B-28120-2005
Agencia que asigna el número Oficina Depósito Legal de Barcelona
020 ## - NÚMERO INTERANCIONAL NORMALIZADO PARA LIBROS (ISBN)
Número Internacional Normalizado para Libros (ISBN) 8447343227
040 ## - FUENTE DE LA CATALOGACIÓN
Centro catalogador del origen ES-SlBCS
Lengua de catalogación spa
Normas de descripción rdc
100 1# - PUNTO DE ACCESO PRINCIPAL-NOMBRE DE PERSONA
Nombre de persona Guthrie, W. K. C.
9 (RLIN) 331920
240 10 - TÍTULO UNIFORME
Título uniforme <a href="A History of Greek Philosophy ">A History of Greek Philosophy </a>
Versión Español
245 10 - MENCIÓN DE TÍTULO
Título Historia de la filosofía griega
Número de parte o sección de la obra : V
Mención de responsabilidad, etc. W. K. C. Guthrie ; [traducción Alberto Medina González]
260 ## - PUBLICACIÓN, DISTRIBUCIÓN, ETC... (PIE DE IMPRENTA)
Lugar de publicación, distribución, etc. [Barcelona] :
Nombre del editor, distribuidor, etc. RBA
Fecha de publicación, distribución, etc. , D.L. 2005
300 ## - DESCRIPCIÓN FÍSICA
Extensión 578 p. ;
Dimensiones 24 cm
490 ## - MENCIÓN DE SERIE
Mención de serie Grandes obras de la cultura
504 ## - NOTA DE BIBLIOGRAFÍA, ETC.
Nota de bibliografía, etc. Bibliografía: p. [511]-531. Índices
594 ## - NOTA AL TÍTULO Y MENCIÓN DE RESPONSABILIDAD
Nota general Título original: A History of Greek Philosophy
650 04 - PUNTO DE ACCESO ADICIONAL DE MATERIA-TÉRMINO DE MATERIA
Término de materia o nombre geográfico como elemento inicial Filosofía Griega
9 (RLIN) 14906
942 ## - ENTRADA DE ELEMENTOS AGREGADOS (KOHA)
Fuente de clasificaión o esquema
Koha [por defecto] tipo de item Libros
Holdings
Suprimido Perdido Fuente de clasificación o esquema Estropeado No para préstamo Localización permanente Localización actual Localización en estantería Fecha adquisición Serie de enumeración / cronológica Préstamos totales Signatura completa Número de Registro / Código de Barras Fecha última consulta Fecha del precio de reemplazo Tipo de item de Koha
          San Esteban San Esteban Valladolid 24/02/2016 Vol. V   29/B3 VA79405 24/02/2016 24/02/2016 Libros

Bibliotecas Dominicos Provincia Hispania, 2016

Con tecnología Koha